Green Day, The Offspring, Kaiser Chiefs or Muse? - Statistics

General Stats
  • This quiz has been taken 143 times
  • The average score is 23 of 40
Answer Stats
Hint Answer % Correct
The Kids Aren't Alright The Offspring
81%
You're Gonna Go Far, Kid The Offspring
79%
Pretty Fly The Offspring
78%
Look Ma, No Brains! Green Day
77%
Why Don't You Get A Job? The Offspring
76%
Self Esteem The Offspring
72%
Supermassive Black Hole Muse
71%
Come Out and Play The Offspring
70%
Burnout Green Day
69%
Hitchin' a Ride Green Day
68%
Are We the Waiting Green Day
64%
Plug in Baby Muse
62%
Starlight Muse
62%
Troublemaker Green Day
60%
King for a Day Green Day
60%
Ruby Kaiser Chiefs
60%
Horseshoes and Handgrenades Green Day
59%
The Grouch Green Day
58%
Uprising Muse
58%
Modern Way Kaiser Chiefs
55%
Everyday I Love You Less And Less Kaiser Chiefs
55%
Psycho Muse
55%
Want You Bad The Offspring
55%
Stuck with Me Green Day
54%
Castaway Green Day
54%
Madness Muse
54%
Pressure Muse
54%
Na Na Na Na Naa Kaiser Chiefs
51%
New Born Muse
51%
Never Miss A Beat Kaiser Chiefs
50%
How 2 Dance Kaiser Chiefs
50%
I Predict A Riot Kaiser Chiefs
50%
Oh My God Kaiser Chiefs
48%
Gotta Get Away The Offspring
47%
Compliance Muse
46%
Won't Stand Down Muse
45%
All I Want The Offspring
43%
Let The Bad Times Roll The Offspring
43%
Feeling Alright Kaiser Chiefs
32%
Jealousy Kaiser Chiefs
30%
No matching quizzes found
Score Distribution
Percent of People with Each Score
Percentile by Number Answered
Your Score History
You have not taken this quiz